LIBRARY & INFORMATION CENTRE, KCAET, TAVANUR

ONLINE PUBLIC ACCESS CATALOGUE (OPAC)

Principles of Buiding Drawing (Record no. 14416)

MARC details
000 -LEADER
fixed length control field 00302nam a22001337a 4500
020 ## - INTERNATIONAL STANDARD BOOK NUMBER
ISBN 9780333925461
082 ## - DEWEY DECIMAL CLASSIFICATION NUMBER
Classification number 690.0223
Item number SHA/PR
100 ## - MAIN ENTRY--AUTHOR NAME
Personal name Shah,M.G
100 ## - MAIN ENTRY--AUTHOR NAME
Personal name Kale,C.M
245 ## - TITLE STATEMENT
Title Principles of Buiding Drawing
260 ## - PUBLICATION, DISTRIBUTION, ETC. (IMPRINT)
Place of publication Delhi
Name of publisher Macmillan
Year of publication 2011
300 ## - PHYSICAL DESCRIPTION
Number of Pages 139
942 ## - ADDED ENTRY ELEMENTS (KOHA)
Koha item type Books
Holdings
Withdrawn status Lost status Damaged status Collection code Home library Current library Shelving location Date acquired Source of acquisition Cost, normal purchase price Full call number Accession Number Koha item type
        KAUAET KAUAET General Stacks 30/03/2013 Aman Book Stall, Calicut 160.00 690.0223 SHA/PR 24098 Books
free website counter